00329nam a2200121Ia 4500008004100000020001400041050001500055100001900070245004200089260003900131300002400170650001300194150202s9999 xx 000 0 und d a140106995 aFIC bFIC  aBoyd, William. 4aThe new confessions /cWilliam Boyd. aNew ZealandbPenguin Books,c1987. a528 pages :c18 cm. aFiction.